000 00616nam a2200181Ia 4500
008 100921s9999 xx 000 0 und d
082 _b32535
_a891.461 थ 94
100 _aकुसुमाग्रज (शिरवाडकर वि.वा.).
245 _aमाधवी.
260 _bदेशमुख आणि कंपनी,पुणे.
_c1994
300 _a66
_bजयेश एजन्सी,पुणे.
365 _b50
520 _aललित-काव्य.
630 _aमाधवी.
650 _aललित-काव्य.
730 _aमाधवी.
942 _cBOOK
999 _c781648
_d781645